000 00701nam a2200241 i 4500
001 14416
003 ES-MaACL
005 20230906150814.0
007 t|
008 971023s1996 sp ||||0| spa
020 _a84-7423-706-8
080 _a937.5
100 1 _aTorelli, Mario.
_9110630
245 1 0 _aHistoria de los etruscos /
_cMario Torelli ; traducción castellana de Teófilo de Lozoya.
260 _aBarcelona :
_bCrítica,
_c[1996]
300 _a298 p. :
_bil. ;
_c23 cm.
490 1 _aCrítica/arqueología
650 4 _aEtruscos.
_9173297
700 1 _aLozoya, Teófilo de.
_974479
830 1 _aCrítica/arqueología
_9178599
852 _aES-MaACL
_jL-21646
999 _c14416
_d14416